000 00447nam a2200181Ia 4500
005 20240823041402.0
008 240823s9999||||xx |||||||||||||| ||und||
041 _aENGLISH
082 _A348.642 N3
100 _aBakal Gulam Mohammed
245 0 _aDevelopment of Small Scale Industries
250 _a1st
260 _c1993
_b"Anmol,New Delhi"
500 _aYES
650 _aIndustries
_bManagement Studies
942 _cBK
999 _c205377
_d205377